[Event "National Chess Congress"]
[Site "Philadelphia USA"]
[Date "2010.11.26"]
[Round "2"]
[White "Rosenberg,E"]
[Black "Shabalov,A"]
[Result "1/2-1/2"]
[WhiteElo "2213"]
[BlackElo "2591"]

1.d4 d5 2.c4 c6 3.Nf3 Nf6 4.Nc3 a6 5.e3 b5 6.b3 Bg4 7.h3 Bxf3 8.gxf3 g6 9.Bd3 Bg7
10.cxd5 cxd5 11.f4 O-O 12.Bd2 e6 13.Qf3 Nc6 14.Ne2 Qd6 15.a3 Rfc8 16.O-O Qd7
17.Ng3 Ne7 18.Bb4 Nf5 19.Nxf5 exf5 20.Qe2 Qd8 21.Rfc1 Ne4 22.Kh2 h6 23.Be1 Qd6
24.Rxc8+ Rxc8 25.f3 Nf6 26.a4 Nh5 27.axb5 axb5 28.Bxb5 g5 29.Ra6 Qe7 30.fxg5 hxg5
31.f4 Nf6 32.fxg5 Ne4 33.h4 f4 34.g6 fxe3 35.Qh5 fxg6 36.Rxg6 Rc2+ 37.Kg1 Qf7
38.Be8 Qf4 39.Qxd5+ Kh7 40.Qh5+ Kg8 41.Qd5+  1/2-1/2

[Event "National Chess Congress"]
[Site "Philadelphia USA"]
[Date "2010.11.27"]
[Round "3"]
[White "Shabalov,A"]
[Black "Shvartsman,A"]
[Result "1-0"]
[WhiteElo "2591"]
[BlackElo "2177"]

1.d4 Nf6 2.c4 g6 3.Nc3 Bg7 4.e4 d6 5.f4 O-O 6.Nf3 c5 7.d5 e6 8.Be2 exd5 9.cxd5 b5
10.e5 Nfd7 11.e6 Nb6 12.exf7+ Rxf7 13.Nxb5 Bb7 14.a4 a5 15.Ra3 Na6 16.Ng5 Re7
17.O-O Nb4 18.Ne6 Qb8 19.f5 Bxd5 20.Nxg7 Rxg7 21.Bh6 Qd8 22.Rg3 Nc6 23.Bxg7 Kxg7
24.fxg6 hxg6 25.Rxg6+ Kxg6 26.Bd3+ Kh6 27.Qg4  1-0

[Event "National Chess Congress"]
[Site "Philadelphia USA"]
[Date "2010.11.28"]
[Round "6"]
[White "Ostrovskiy,Al"]
[Black "Shabalov,A"]
[Result "0-1"]
[WhiteElo "2309"]
[BlackElo "2591"]

1.e4 c5 2.Nf3 d6 3.d4 cxd4 4.Nxd4 Nf6 5.Nc3 a6 6.Be3 e5 7.Nde2 Be7 8.Ng3 Be6
9.Be2 O-O 10.O-O g6 11.Qd2 Qc7 12.Kh1 Rd8 13.Nd5 Nxd5 14.exd5 Bc8 15.b4 Nd7
16.Rfc1 f5 17.Bg5 Nf6 18.c4 b6 19.Qb2 Kg7 20.f3 h6 21.Bd2 h5 22.Bg5 h4 23.Nf1 Rh8
24.f4 Bb7 25.Nd2 Rae8 26.Nf3 Ne4 27.Bxe7 Qxe7 28.Bd3 h3 29.Re1 hxg2+ 30.Kg1 b5
31.fxe5 dxe5 32.Bxe4 fxe4 33.Rxe4 Qf6 34.Rae1 Qxf3 35.Rxe5 Rxe5 36.Qxe5+ Qf6
37.Qe7+ Qf7 38.Qg5 Re8  0-1

[Event "North American Open"]
[Site "Las Vegas USA"]
[Date "2010.12.26"]
[Round "1"]
[White "Shabalov,A"]
[Black "Markovits,A"]
[Result "1-0"]
[WhiteElo "2591"]
[BlackElo "2102"]

1.e4 c5 2.Nf3 Nc6 3.d4 cxd4 4.Nxd4 g6 5.c4 Bg7 6.Be3 Nf6 7.Nc3 O-O 8.Be2 d6
9.O-O Nxd4 10.Bxd4 Bd7 11.Re1 Bc6 12.Bd3 a5 13.b3 h5 14.Qd2 Nd7 15.Bxg7 Kxg7
16.Re3 Nc5 17.Bf1 Qc7 18.f4 Qb6 19.Rae1 a4 20.Qb2 a3 21.Qf2 Na6 22.Kh1 Nb4
23.Qd2 Ra5 24.Nd5 Bxd5 25.exd5 Re8 26.f5 e5 27.fxe6 fxe6 28.Rxe6 Rxe6 29.Rxe6 Ra8
30.Qg5 Rf8 31.Rxg6+ Kf7 32.Rg7+  1-0

[Event "North American Open"]
[Site "Las Vegas USA"]
[Date "2010.12.27"]
[Round "2"]
[White "Sharma,Arun1"]
[Black "Shabalov,A"]
[Result "1/2-1/2"]
[WhiteElo "2287"]
[BlackElo "2591"]

1.d4 d5 2.c4 c6 3.cxd5 cxd5 4.Bf4 Nc6 5.e3 Nf6 6.Nc3 a6 7.Bd3 Bg4 8.Nge2 e6
9.O-O Be7 10.Rc1 O-O 11.Na4 Nd7 12.a3 Bh5 13.f3 Bg6 14.Bxg6 hxg6 15.b4 Rc8
16.Bg3 b5 17.Nc5 a5 18.Qb3 axb4 19.axb4 Nb6 20.Nc3 Nc4 21.Rfe1 Ra8 22.Nxb5 Qb6
23.Rxc4 dxc4 24.Qxc4 Rfc8 25.Rb1 Qd8 26.Nxe6 fxe6 27.Qxe6+ Kh7 28.Qh3+ Kg8
29.Qe6+ Kh7  1/2-1/2

[Event "North American Open"]
[Site "Las Vegas USA"]
[Date "2010.12.27"]
[Round "3"]
[White "Shabalov,A"]
[Black "Landaw,J"]
[Result "1/2-1/2"]
[WhiteElo "2591"]
[BlackElo "2285"]

1.e4 e5 2.Nf3 Nc6 3.Bb5 a6 4.Ba4 Nf6 5.O-O Be7 6.Re1 b5 7.Bb3 d6 8.c3 O-O
9.h3 Na5 10.Bc2 c5 11.d4 Qc7 12.Nbd2 cxd4 13.cxd4 Rd8 14.b3 Nc6 15.Bb2 Bb7
16.Rc1 Rac8 17.d5 Nb8 18.Nf1 Nbd7 19.Ng3 g6 20.Qd2 a5 21.Nh2 Qb6 22.Kh1 Bf8
23.Rf1 b4 24.Rfe1 Ba6 25.Ng4 h5 26.Nxf6+ Nxf6 27.Rb1 Rd7 28.Bd3 Rdc7 29.Bxa6 Qxa6
30.Qe3 h4 31.Nf1 Nh5 32.Nd2 Qa7 33.Qxa7 Rxa7 34.Nc4 Nf4 35.Rbd1 f6 36.Bc1 g5
37.Be3 Ra6 38.Kh2 Kf7 39.Rd2 Rb8 40.Rc1 Be7 41.Nb2 Bd8 42.Rc4 Ng6 43.Rdc2 Ne7
44.Kg1 Kg6 45.Kf1 Rb7 46.Ke2 Rb8 47.Rc1 Rb5 48.Ra1 Ra8 49.Kd3 Kf7 50.Rc2 Ke8
51.Nc4 Kd7 52.Rb2 Nc8 53.a3 Rab8 54.axb4 Rxb4 55.Kc2 Nb6 56.Nxa5 Ra8 57.Nc6 Rxa1
58.Nxb4 Rg1 59.Ra2 Nc8 60.Kd2 Rxg2 61.Ke2 Rg1 62.Nc2 g4 63.Ra1 Rxa1 64.Nxa1 f5
65.hxg4 fxg4 66.Nc2  1/2-1/2

[Event "North American Open"]
[Site "Las Vegas USA"]
[Date "2010.12.28"]
[Round "5"]
[White "Shabalov,A"]
[Black "Amanov,Z"]
[Result "1-0"]
[WhiteElo "2591"]
[BlackElo "2394"]

1.d4 d5 2.c4 e6 3.Nf3 Nf6 4.Nc3 Be7 5.Bg5 h6 6.Bh4 O-O 7.e3 b6 8.g4 Nbd7
9.Rg1 Bb7 10.g5 Ne4 11.cxd5 exd5 12.Bb5 g6 13.Bxd7 Qxd7 14.gxh6 Bxh4 15.Nxh4 Qh3
16.Qh5 Nxf2 17.Rxg6+ Kh8 18.Rg3 Nd3+ 19.Kd2  1-0

[Event "North American Open"]
[Site "Las Vegas USA"]
[Date "2010.12.29"]
[Round "6"]
[White "Gurevich,D"]
[Black "Shabalov,A"]
[Result "0-1"]
[WhiteElo "2469"]
[BlackElo "2591"]

1.d4 d5 2.c4 c6 3.Nf3 Nf6 4.Nc3 a6 5.a4 e6 6.Bg5 h6 7.Bxf6 Qxf6 8.e4 dxe4
9.Nxe4 Bb4+ 10.Ke2 Qd8 11.g3 O-O 12.Bg2 Nd7 13.Qb3 a5 14.Rhd1 Qe7 15.Kf1 e5
16.d5 f5 17.Nc3 Nc5 18.Qc2 f4 19.Nh4 g5 20.d6 Qh7 21.Qxh7+ Kxh7 22.Ne4 gxh4
23.Nxc5 f3  0-1

[Event "North American Open"]
[Site "Las Vegas USA"]
[Date "2010.12.29"]
[Round "7"]
[White "Shabalov,A"]
[Black "Stocek,J"]
[Result "1/2-1/2"]
[WhiteElo "2591"]
[BlackElo "2567"]

1.d4 Nf6 2.c4 e6 3.Nf3 Bb4+ 4.Nbd2 b6 5.a3 Bxd2+ 6.Qxd2 O-O 7.e3 a5 8.b3 Ba6
9.Be2 d5 10.a4 Nbd7 11.Ba3 c5 12.O-O Rc8 13.Rac1 Re8 14.Rfd1 h6 15.Qb2 Rc7
16.Ne5 Nxe5 17.dxe5 Nh7 18.f4 Rd7 19.Rd2 dxc4 20.Rcd1 Rxd2 21.Rxd2 Qc7 22.Qc3 Rd8
23.Rb2 Nf8 24.bxc4 Bb7 25.Qb3 Nd7 26.Rd2 Nf8 27.Rxd8 Qxd8 28.Bxc5 bxc5 29.Qxb7 Qd7
30.Qb3 Qd2 31.Kf2 Nd7 32.Qb7 Kf8 33.h4 h5 34.Qc7 Ke7 35.Qc6 g6 36.Qc7 Ke8
37.Qc8+ Ke7 38.Qa6 Kd8 39.Qa8+ Ke7 40.Qc6 Kd8 41.Qa8+  1/2-1/2

[Event "UT Dallas GM Invitational"]
[Site "Richardson USA"]
[Date "2011.03.12"]
[Round "1"]
[White "Bercys,S"]
[Black "Shabalov,A"]
[Result "0-1"]
[WhiteElo "2469"]
[BlackElo "2590"]

1.d4 d5 2.c4 c6 3.Nf3 Nf6 4.e3 a6 5.Bd3 Bg4 6.Nbd2 e6 7.Qc2 Nbd7 8.b3 c5
9.O-O Rc8 10.Bb2 Be7 11.Ne5 Bh5 12.f4 Bg6 13.Bxg6 hxg6 14.Qd3 O-O 15.Rac1 Qb6
16.Nxd7 Nxd7 17.f5 exf5 18.cxd5 Qd6 19.e4 fxe4 20.Qxe4 Nf6 21.Qe2 Qxd5 22.Nc4 Rce8
23.Qe5 cxd4 24.Qxd5 Nxd5 25.Bxd4 Rd8 26.Rcd1 Rfe8 27.Rfe1 Nb4 28.Bb6 Rxd1
29.Rxd1 Nxa2 30.Rd7 Nc1 31.Rxb7 Nxb3 32.Be3 Nc5 33.Rc7 Nd3 34.g3 Bb4 35.Ra7 Re4
36.Ra8+ Kh7 37.Rc8 Bc5  0-1

[Event "UT Dallas GM Invitational"]
[Site "Richardson USA"]
[Date "2011.03.13"]
[Round "2"]
[White "Shabalov,A"]
[Black "Wang Puchen"]
[Result "1-0"]
[WhiteElo "2590"]
[BlackElo "2464"]

1.c4 Nf6 2.Nc3 g6 3.e4 d6 4.d4 Bg7 5.f4 O-O 6.Nf3 c5 7.d5 e6 8.Be2 exd5 9.cxd5 Bg4
10.O-O Re8 11.h3 Bxf3 12.Bxf3 Nbd7 13.g4 Nb6 14.h4 Nfd7 15.g5 a6 16.Qe2 Rc8
17.Be3 Bd4 18.Rae1 Qe7 19.Qd3 Bxe3+ 20.Rxe3 Qf8 21.Bg4 Rcd8 22.Qe2 Qg7 23.e5 dxe5
24.f5 e4 25.fxg6 hxg6 26.Bxd7 Nxd7 27.Nxe4 Rf8 28.Rf4 f5 29.gxf6 Nxf6 30.Nxf6+ Rxf6
31.Re7 Qf8 32.Re6 Rf5 33.Rxg6+ Kh7 34.Rxf5 Qxf5 35.Rg5 Qf7 36.Rh5+ Kg8 37.Qg4+  1-0

[Event "UT Dallas GM Invitational"]
[Site "Richardson USA"]
[Date "2011.03.13"]
[Round "3"]
[White "Shabalov,A"]
[Black "Sadorra,J"]
[Result "1/2-1/2"]
[WhiteElo "2590"]
[BlackElo "2475"]

1.c4 e6 2.Nf3 Nf6 3.d4 d5 4.Nc3 dxc4 5.e4 Bb4 6.Bg5 c5 7.Bxc4 cxd4 8.Nxd4 Qa5
9.Bd2 Nbd7 10.Qe2 O-O 11.a3 Ne5 12.Ba2 Qd8 13.f4 Ng6 14.e5 Qxd4 15.axb4 Nd5
16.g3 Nge7 17.Bb1 g6 18.Qe4 Qxb4 19.Qxb4 Nxb4 20.Be3 b6 21.O-O Bb7 22.Bf2 Rfd8
23.Rd1 Rxd1+ 24.Nxd1 Rd8 25.Nc3 Ned5 26.Be4 Nxc3 27.bxc3 Bxe4 28.cxb4 Rd7
29.Kf1 Kg7 30.Ke2 Rc7 31.Be3 h5 32.h4 Bf5 33.Bd2 f6 34.exf6+ Kxf6 35.Ra3 Ke7
36.Bc3 Kd8 37.Ke3 Rd7 38.Be5 Kc8 39.Rc3+ Kb7 40.b5 Bh3 41.Kf2 a6 42.bxa6+ Kxa6
43.Ke3 Bf5 44.Bd4 Kb5 45.Rc1 Rd6 46.Ra1 Bc2 47.Ra8 Bb3 48.Rb8 Bc4 49.Rb7 Ba2
50.Be5 Rc6 51.Rc7 Rxc7 52.Bxc7 Kc5 53.Bd8 b5 54.Kd2 b4 55.Kc2  1/2-1/2

[Event "UT Dallas GM Invitational"]
[Site "Richardson USA"]
[Date "2011.03.14"]
[Round "4"]
[White "Chirila,I"]
[Black "Shabalov,A"]
[Result "1-0"]
[WhiteElo "2513"]
[BlackElo "2590"]

1.e4 e5 2.Nf3 Nc6 3.Bb5 a6 4.Ba4 Nge7 5.c3 g6 6.O-O Bg7 7.d4 exd4 8.cxd4 b5
9.Bb3 O-O 10.Nc3 Na5 11.Bc2 d6 12.h3 c5 13.Re1 cxd4 14.Nxd4 Bb7 15.Bg5 h6
16.Bf4 Rc8 17.Nce2 d5 18.e5 Nc4 19.e6 Nxb2 20.Qb1 Nc4 21.exf7+ Kxf7 22.a4 Qb6
23.axb5 Bxd4 24.Nxd4 Qxd4 25.Bxh6 axb5 26.Bxf8 Rxf8 27.Qxb5 Bc6 28.Qb4 Re8
29.Ra3 Qd2 30.Rxe7+ Rxe7 31.Rf3+ Ke8 32.Bxg6+ Kd7 33.Bf5+ Re6 34.Bxe6+ Kxe6
35.Re3+ Kd7 36.Qe7+ Kc8 37.Rf3 Bd7 38.Rf8+ Kc7 39.Qd8+ Kc6 40.Rf6+ Kc5 41.Qe7+ Kd4
42.Rf3 Bb5 43.Qa7+ Ke4 44.Qc5 Qb2 45.Rg3 d4 46.Kh2 Ne5 47.Rg5  1-0

[Event "UT Dallas GM Invitational"]
[Site "Richardson USA"]
[Date "2011.03.14"]
[Round "5"]
[White "Shabalov,A"]
[Black "Zivanic,M"]
[Result "1-0"]
[WhiteElo "2590"]
[BlackElo "2497"]

1.c4 c5 2.Nf3 g6 3.e4 Nc6 4.d4 cxd4 5.Nxd4 Nf6 6.Nc3 Nxd4 7.Qxd4 d6 8.Be2 Bg7
9.Be3 O-O 10.Qd2 a5 11.Rd1 Be6 12.O-O a4 13.Bd4 Qa5 14.f4 Rfc8 15.b3 axb3
16.axb3 Qb4 17.f5 gxf5 18.exf5 Bd7 19.Rf3 Kh8 20.Qe3 Rf8 21.Qxe7  1-0

[Event "UT Dallas GM Invitational"]
[Site "Richardson USA"]
[Date "2011.03.15"]
[Round "6"]
[White "Ramirez,Alej"]
[Black "Shabalov,A"]
[Result "1-0"]
[WhiteElo "2594"]
[BlackElo "2590"]

1.d4 Nf6 2.c4 g6 3.Nc3 Bg7 4.e4 d6 5.Nf3 O-O 6.h3 Qe8 7.Be3 Na6 8.Rc1 e5
9.dxe5 dxe5 10.c5 b6 11.Bc4 Nxc5 12.Bxc5 bxc5 13.O-O Rb8 14.Qd2 Kh8 15.b3 Nh5
16.Qe3 f5 17.Qxc5 Nf4 18.Rcd1 Bb7 19.Qxc7 Ne6 20.Bxe6 Qxe6 21.Rd6 Qc8 22.Qxc8 Rfxc8
23.Nd5 Rd8 24.Rxd8+ Rxd8 25.Ne3 Rf8 26.Ng5 Bc8 27.Rc1 Kg8 28.Nd5 Bb7 29.Ne7+ Kh8
30.Rc7 Bxe4 31.Rc8 Bh6 32.Nxe4 fxe4 33.Rxf8+ Bxf8 34.Nc6 Bc5 35.b4 Bb6 36.a4 e3
37.fxe3 Bxe3+ 38.Kf1 Kg7 39.Ke2 Bg1 40.b5 Kf6 41.a5 Ke6 42.Nxa7  1-0

[Event "UT Dallas GM Invitational"]
[Site "Richardson USA"]
[Date "2011.03.17"]
[Round "9"]
[White "Shabalov,A"]
[Black "Chirila,I"]
[Result "1-0"]
[WhiteElo "2590"]
[BlackElo "2513"]

1.c4 e5 2.Nc3 Nc6 3.g3 g6 4.Bg2 Bg7 5.Rb1 a5 6.d3 d6 7.e3 Nf6 8.Nge2 O-O
9.O-O Be6 10.Nd5 Qd7 11.Re1 Bh3 12.Bh1 h5 13.Bd2 Nxd5 14.cxd5 Ne7 15.Nc3 f5
16.Qa4 c6 17.dxc6 bxc6 18.Nd5 Nxd5 19.Bxd5+ Kh7 20.Qxc6 Qe7 21.Rbc1 Rab8
22.b3 g5 23.Qc7 Qf6 24.Qd7 Rfe8 25.Rc7 h4 26.Bxa5 hxg3 27.hxg3 Qh6 28.Rc6 f4
29.Qxd6 Qh5 30.Be4+ Kh8 31.Qg6 Qxg6  1-0

[Event "UT Dallas GM Invitational"]
[Site "Richardson USA"]
[Date "2011.03.18"]
[Round "11"]
[White "Wang Puchen"]
[Black "Shabalov,A"]
[Result "0-1"]
[WhiteElo "2464"]
[BlackElo "2590"]

1.d4 Nf6 2.c4 g6 3.Nc3 Bg7 4.e4 d6 5.f4 O-O 6.Nf3 Na6 7.Bd3 e5 8.fxe5 dxe5
9.d5 c6 10.O-O Qd6 11.a3 Nc5 12.b4 Nxd3 13.Qxd3 cxd5 14.cxd5 Bd7 15.Be3 b6
16.Kh1 Rac8 17.Rac1 Ng4 18.Bg1 f5 19.h3 Nf6 20.Bh2 Rfe8 21.exf5 gxf5 22.Nh4 f4
23.Nf5 Bxf5 24.Qxf5 Rc4 25.Bg1 a6 26.Qd3 b5 27.Bc5 Qd7 28.d6 e4 29.Qd1 f3
30.Nd5 Nh5 31.Nb6 Ng3+ 32.Kg1 Qe6 33.Nxc4 Ne2+ 34.Kh1 bxc4 35.Rc2 Ng3+ 36.Kg1 Nxf1
37.Qxf1 e3 38.d7 f2+ 39.Kh1 Qxd7  0-1

[Event "UT Dallas GM Invitational"]
[Site "Richardson USA"]
[Date "2011.03.19"]
[Round "12"]
[White "Shabalov,A"]
[Black "Bercys,S"]
[Result "1-0"]
[WhiteElo "2590"]
[BlackElo "2469"]

1.c4 Nf6 2.Nc3 g6 3.e4 d6 4.d4 Bg7 5.f4 O-O 6.Nf3 Na6 7.Bd3 e5 8.fxe5 dxe5
9.d5 c5 10.O-O Ne8 11.a3 f5 12.Bg5 Qd7 13.Bc2 h6 14.Ba4 Qf7 15.d6 hxg5 16.d7 Bxd7
17.Qxd7 Qxd7 18.Bxd7 Nac7 19.exf5 g4 20.Ng5 Bh6 21.Nge4 Rd8 22.Bxe8 gxf5
23.Bh5 fxe4 24.Nxe4 Be3+ 25.Kh1 Rf4 26.Nf6+ Kg7 27.Nxg4 Bd4 28.Rxf4 exf4
29.Re1 Rd7 30.b3 Bc3 31.Rf1 Bb2 32.h4 Ne6 33.Re1 Nd4 34.Be8 Rc7 35.h5 Nxb3
36.Rb1  1-0

[Event "Chicago Open"]
[Site "Wheeling USA"]
[Date "2011.05.28"]
[Round "4"]
[White "Shabalov,A"]
[Black "Mo,Kevin"]
[Result "1-0"]
[WhiteElo "2586"]
[BlackElo "2065"]

1.e4 c5 2.Na3 a6 3.c3 b5 4.d4 Bb7 5.Bd3 Nf6 6.f3 d6 7.Nc2 Nbd7 8.Nh3 g6 9.O-O e5
10.a4 c4 11.Be2 Bg7 12.axb5 axb5 13.Rxa8 Qxa8 14.Na3 Qa5 15.b3 O-O 16.bxc4 exd4
17.cxd4 b4 18.Nb5 Ne8 19.Be3 f5 20.exf5 Rxf5 21.Bd3 Rf7 22.Bf2 Nb6 23.Ng5 Rd7
24.Qe2  1-0

[Event "Chicago Open"]
[Site "Wheeling USA"]
[Date "2011.05.28"]
[Round "5"]
[White "Iwu,O"]
[Black "Shabalov,A"]
[Result "0-1"]
[WhiteElo "2158"]
[BlackElo "2586"]

1.d4 Nf6 2.Nf3 g6 3.Bg5 Bg7 4.Nbd2 O-O 5.c3 d6 6.e4 Nc6 7.Be2 h6 8.Bh4 e5
9.dxe5 dxe5 10.Qc2 Qe8 11.O-O Nh5 12.Rfd1 f5 13.Ne1 g5  0-1

[Event "Chicago Open"]
[Site "Wheeling USA"]
[Date "2011.05.29"]
[Round "6"]
[White "Shabalov,A"]
[Black "Gerzhoy,L"]
[Result "1/2-1/2"]
[WhiteElo "2586"]
[BlackElo "2496"]

1.e4 e5 2.Nf3 Nc6 3.d4 exd4 4.Nxd4 Bc5 5.Nxc6 Qf6 6.Qf3 Qxf3 7.gxf3 bxc6
8.Rg1 Ne7 9.Nd2 Ng6 10.Nb3 Bd6 11.h3 Be5 12.Nc5 O-O 13.Nd3 Bf6 14.Bg5 Bxg5
15.Rxg5 d6 16.Ra5 c5 17.O-O-O f5 18.e5 Bb7 19.exd6 cxd6 20.Ne1 Rfe8 21.Ba6 Bxa6
22.Rxa6 Nf4 23.h4 d5 24.Nd3 Ne2+ 25.Kd2 c4 26.Nb4 d4 27.Rd6  1/2-1/2

[Event "Chicago Open"]
[Site "Wheeling USA"]
[Date "2011.05.29"]
[Round "7"]
[White "Stopa,Ja"]
[Black "Shabalov,A"]
[Result "0-1"]
[WhiteElo "2460"]
[BlackElo "2586"]

1.Nf3 Nf6 2.d4 g6 3.g3 Bg7 4.Bg2 O-O 5.O-O d6 6.c4 Nc6 7.Nc3 Bf5 8.Ne1 e5
9.d5 Na5 10.e4 Bd7 11.b3 a6 12.Nc2 b5 13.cxb5 axb5 14.Nb4 Kh8 15.Kh1 Qe8
16.Bb2 h5 17.Qd2 Ng4 18.Rae1 Qe7 19.h3 Nh6 20.f4 h4 21.fxe5 dxe5 22.Ne2 hxg3
23.Rf3 c5 24.Nd3 Kh7 25.Nxg3 b4 26.Nf1 Nb7 27.Ra1 Ra5 28.a3 Rfa8 29.Qc1 f5
30.Nd2 Nf7 31.axb4 Rxa1 32.Bxa1 cxb4 33.Rf1 f4 34.Qc7 Ra2 35.Qxb7 Rxd2 36.Qxb4 Qxb4
37.Nxb4 Ng5 38.Bc3 Rxg2 39.Kxg2 Bxh3+ 40.Kg1 Bxf1 41.Kxf1 Nxe4 42.Bb2 Nd2+
43.Ke1 Nxb3 44.Nd3 e4 45.Bxg7 exd3 46.Bf6 d2+ 47.Kd1 f3 48.Bh4 g5 49.Bg3 Kg6
50.d6 Kf7 51.Kc2 Ke6 52.Kd1 g4  0-1

[Event "Chicago Open"]
[Site "Wheeling USA"]
[Date "2011.05.30"]
[Round "8"]
[White "Shabalov,A"]
[Black "Harikrishna,P"]
[Result "0-1"]
[WhiteElo "2586"]
[BlackElo "2666"]

1.e4 e5 2.Nf3 Nc6 3.Bb5 Nf6 4.O-O Nxe4 5.d4 Nd6 6.Bxc6 dxc6 7.dxe5 Nf5 8.Qxd8+ Kxd8
9.Nc3 Bd7 10.b3 Kc8 11.Bb2 b6 12.Rad1 Be7 13.h3 h5 14.Ne2 c5 15.Rfe1 Bc6
16.Nh2 a5 17.a4 Kb7 18.c4 Bg5 19.g3 Rad8 20.f4 Be7 21.Kf2 Be4 22.Rc1 Rd2
23.Ba1 Rhd8 24.Rc3 g5 25.Nf3 gxf4 26.gxf4 Ra2 27.Kf1 Bd3  0-1

[Event "Chicago Open"]
[Site "Wheeling USA"]
[Date "2011.05.30"]
[Round "9"]
[White "Sundararajan,K"]
[Black "Shabalov,A"]
[Result "1/2-1/2"]
[WhiteElo "2467"]
[BlackElo "2586"]

1.d4 e6 2.c4 b6 3.a3 f5 4.Nc3 Nf6 5.Nf3 g6 6.g3 Ba6 7.b3 Bg7 8.Bg2 d5 9.O-O c6
10.a4 O-O 11.Ba3 Re8 12.Ne5 Bb7 13.Rc1 a5 14.e3 Na6 15.Ne2 Ne4 16.f3 Nd6
17.cxd5 cxd5 18.Nf4 Bxe5 19.dxe5 Nf7 20.Qd4 Nb8 21.e4 dxe4 22.Qxd8 Nxd8 23.fxe4 fxe4
24.Rfd1 Nbc6 25.Bd6 Ne7 26.Bf1 Nec6 27.Bb5 Rc8 28.Rc4 Nf7 29.Rxe4 Red8 30.Nxe6 Ncxe5
31.Nxd8 Rxd8 32.Rxe5 Nxe5 33.Be2 Bf3 34.Kf2 Bxe2 35.Kxe2 Re8 36.Bxe5  1/2-1/2

[Event "Pinnacle 48th COCC"]
[Site "Toronto CAN"]
[Date "2011.07.09"]
[Round "1"]
[White "Frilles,R"]
[Black "Shabalov,A"]
[Result "0-1"]
[WhiteElo "2057"]
[BlackElo "2577"]

1.c4 e5 2.Nc3 Nc6 3.g3 Nf6 4.e4 Bc5 5.Bg2 d6 6.h3 O-O 7.d3 h6 8.Nge2 a6 9.O-O b5
10.a3 bxc4 11.dxc4 a5 12.Kh2 Rb8 13.f4 Nd4 14.Nxd4 Bxd4 15.Nb5 c5 16.Rb1 Ba6
17.a4 exf4 18.gxf4 Bxb5 19.axb5 Re8 20.Qd3 Qe7 21.Re1 Ng4+ 22.hxg4 Qh4+ 23.Qh3 Qxe1
24.Qd3 Qh4+ 25.Qh3 Qf2 26.Qf3 Qc2 27.Ra1 Qxc4 28.Bd2 Qxb5 29.Bc3 Bxc3 30.bxc3 a4
31.g5 hxg5 32.Rf1 gxf4 33.Qxf4 Qd7 34.Rf2 Qe6 35.Kg1 Rb1+ 36.Bf1 a3 37.Qd2 Rb2  0-1

[Event "Pinnacle 48th COCC"]
[Site "Toronto CAN"]
[Date "2011.07.10"]
[Round "2"]
[White "Shabalov,A"]
[Black "Melekhina,A"]
[Result "1/2-1/2"]
[WhiteElo "2577"]
[BlackElo "2263"]

1.e4 e5 2.Nf3 Nc6 3.d4 exd4 4.Nxd4 Nf6 5.Nxc6 bxc6 6.e5 Qe7 7.Qe2 Nd5 8.c4 Nb6
9.Nc3 Qe6 10.f4 g6 11.Qc2 d6 12.Bd3 dxe5 13.O-O Bc5+ 14.Kh1 f5 15.fxe5 O-O
16.Bh6 Rf7 17.Rae1 Ba6 18.Ne2 Qxe5 19.Nf4 Qd6 20.a3 Qd7 21.Ne6 Be7 22.Re3 c5
23.Rxf5 gxf5 24.Rg3+ Kh8 25.Bxf5 Rd8 26.Nxd8 Qxd8 27.h3 Bxc4 28.b3 Qd6 29.Qc3+ Bf6
30.Qf3 Be5 31.Qe4 Qd1+ 32.Kh2 Bxg3+ 33.Kxg3 Qd6+ 34.Bf4 Rg7+ 35.Kh2 Qd5 36.bxc4 Qxe4
37.Bxe4 Nxc4 38.Bd5 Nxa3 39.Be3 c4 40.Bc5 Rg5 41.Bd4+ Rg7 42.Bb2 Nb5 43.Bxc4 Nd6
44.Bd5 h6 45.g4 Kh7 46.Bxg7 Kxg7 47.Kg3 a5 48.Bc6 Nc4 49.Kf4 Kf6 50.h4 Ne5
51.g5+ hxg5+ 52.hxg5+ Ke6 53.Be4 a4 54.Bc2 a3 55.Bb3+ Kd6 56.Ke4 c5 57.Ba2 c4
58.Kd4 Ke6 59.Kc3 Kf5 60.Kb4 Kxg5 61.Kxa3 c3 62.Kb3 Kf4  1/2-1/2

[Event "Pinnacle 48th COCC"]
[Site "Toronto CAN"]
[Date "2011.07.11"]
[Round "3"]
[White "Barron,M"]
[Black "Shabalov,A"]
[Result "1/2-1/2"]
[WhiteElo "2171"]
[BlackElo "2577"]

1.e4 Nf6 2.e5 Nd5 3.d4 d6 4.Nf3 Bg4 5.Be2 e6 6.c4 Nb6 7.O-O Be7 8.b3 O-O
9.Bb2 a5 10.h3 Bh5 11.Nbd2 Bg6 12.Re1 Nc6 13.exd6 cxd6 14.a3 Bf6 15.Bf1 d5
16.c5 Nd7 17.Qc1 b6 18.Bb5 Na7 19.Bxd7 Qxd7 20.Ne5 Bxe5 21.Rxe5 Rfc8 22.Re1 Nc6
23.Nf3 f6 24.Qe3 bxc5 25.Qxe6+ Qxe6 26.Rxe6 Rab8 27.dxc5 Be4 28.Nd4 Ne5 29.f3 Bg6
30.Rb6 Nd3 31.Bc3 Nxc5 32.Bxa5 Rxb6 33.Bxb6 Nxb3  1/2-1/2

[Event "Pinnacle 48th COCC"]
[Site "Toronto CAN"]
[Date "2011.07.13"]
[Round "5"]
[White "Hambleton,A"]
[Black "Shabalov,A"]
[Result "0-1"]
[WhiteElo "2206"]
[BlackElo "2577"]

1.d4 Nf6 2.c4 g6 3.Nc3 Bg7 4.e4 d6 5.f3 O-O 6.Be3 Nc6 7.Nge2 a6 8.Qd2 Bd7
9.Nc1 Nh5 10.Nb3 a5 11.d5 Ne5 12.Nd4 c5 13.Ndb5 f5 14.exf5 gxf5 15.f4 Ng4
16.O-O-O a4 17.Be2 a3 18.b3 Qa5 19.Kc2 Nhf6 20.Bd3 Rae8 21.Bg1 Nh5 22.g3 Qb4
23.Nc7 Rc8 24.N3b5 Nhf6 25.Qxb4 cxb4 26.h3 Nh6 27.Kd2 Ne4+ 28.Bxe4 fxe4 29.Be3 Nf5
30.g4 Bc3+ 31.Ke2 Ng3+ 32.Kf2 Nxh1+ 33.Rxh1 Kf7 34.Kg3 h5 35.g5 Kg6 36.Rh2 Be1+
37.Kg2 h4 38.Rh1 Bg3 39.Rf1 Rf5 40.Bd2 Bxb5 41.Nxb5 Rxd5 42.Bxb4 Rxb5  0-1

[Event "Pinnacle 48th COCC"]
[Site "Toronto CAN"]
[Date "2011.07.16"]
[Round "8"]
[White "Shabalov,A"]
[Black "Cheng,Bi"]
[Result "1/2-1/2"]
[WhiteElo "2577"]
[BlackElo "2385"]

1.d4 Nf6 2.c4 c5 3.d5 d6 4.Nc3 g6 5.e4 Bg7 6.Bd3 O-O 7.Nge2 e6 8.h3 Na6 9.O-O Nc7
10.Ng3 exd5 11.cxd5 Rb8 12.a4 a6 13.a5 b5 14.axb6 Rxb6 15.Ra2 Bd7 16.Bg5 Qe7
17.Qd2 Rfb8 18.f4 h6 19.Bxf6 Bxf6 20.e5 dxe5 21.f5 e4 22.Ngxe4 Bxf5 23.Nxf6+ Qxf6
24.Bxf5 gxf5 25.Kh1 Qd4 26.Qe1 Nxd5 27.Qg3+ Kf8 28.Nxd5 Qxd5 29.Rxa6 Rxa6
30.Qxb8+ Kg7 31.Qf4 Rf6 32.Rf3 Qd1+ 33.Kh2 Qd4 34.b3 Qxf4+ 35.Rxf4 Kg6 36.Rc4 Rb6
37.Rxc5 Rxb3 38.Kg1 Rb2 39.Rc6+ f6 40.Ra6 Rd2 41.Ra4 Kg5 42.Ra5 h5 43.Rb5 Rd4
44.Rb6 Re4 45.Kf2 Re5 46.Ra6 Rd5 47.Ra4 h4 48.Rb4 Rd2+ 49.Kf3 Rd3+ 50.Kf2 f4
51.Rb8 Rg3 52.Rg8+ Kf5 53.Rh8 f3 54.gxf3 Rxh3 55.Kg2 Rg3+ 56.Kf2 Kg5 57.Rh7 f5
58.Rh8 Rh3 59.Kg2 Rg3+  1/2-1/2

[Event "6th Edmonton International"]
[Site "Edmonton CAN"]
[Date "2011.07.28"]
[Round "3"]
[White "Valencia,B"]
[Black "Shabalov,A"]
[Result "1/2-1/2"]
[WhiteElo "2204"]
[BlackElo "2577"]

1.d4 Nf6 2.Nf3 g6 3.c4 Bg7 4.g3 O-O 5.Bg2 d6 6.Nc3 Nc6 7.O-O Bf5 8.d5 Na5
9.Nd4 Bd7 10.b3 c5 11.dxc6 bxc6 12.Rb1 Qc8 13.e4 Bh3 14.Bb2 Bxg2 15.Kxg2 Rd8
16.Qe2 Rb8 17.Rfd1 Qa6 18.Nf3 e5 19.Rd2 c5 20.Rbd1 Ne8 21.Nb5 Qb6 22.Bc3 Nb7
23.Bb2 Bh6 24.Rd3 Ng7 25.Nc3 Ne6 26.Nd5 Qa6 27.Bc1 Bxc1 28.Rxc1 Rf8 29.Nf6+ Kg7
30.Nd7 Qc6 31.Nxb8 Rxb8 32.Rd5 Nc7  1/2-1/2

[Event "6th Edmonton International"]
[Site "Edmonton CAN"]
[Date "2011.07.31"]
[Round "7"]
[White "Shabalov,A"]
[Black "Abrahamyan,T"]
[Result "1/2-1/2"]
[WhiteElo "2577"]
[BlackElo "2343"]

1.e4 e6 2.d4 d5 3.e5 c5 4.c3 Nc6 5.Nf3 Qb6 6.a3 Nh6 7.b4 cxd4 8.Bxh6 gxh6
9.cxd4 Bd7 10.Ra2 Bg7 11.Nc3 Ne7 12.Bd3 O-O 13.O-O Rac8 14.Qd2 Ng6 15.Rc2 f6
16.Bxg6 hxg6 17.exf6 Rxf6 18.Ne5 Rd8 19.h4 Be8 20.Re1 Rf5 21.Qd3 Bxe5 22.Rxe5 Rxe5
23.dxe5 Qc7 24.Qd4 Rc8 25.Rc1 Qc4 26.Qxa7 Qb3 27.Qe3 Qxa3 28.Ne2 Rxc1+ 29.Qxc1 Qxb4
30.Nf4 Qc4 31.Qd2 Bf7 32.g3 Qe4 33.Qc3 Kg7 34.Qc7 Qf5 35.Qxb7 Qxe5 36.Qb4 Qf6
37.Qc5 g5 38.hxg5 hxg5 39.Nd3 e5 40.Qc7 e4 41.Ne5 Qe6 42.Kg2 Qf6  1/2-1/2

[Event "6th Edmonton International"]
[Site "Edmonton CAN"]
[Date "2011.08.01"]
[Round "8"]
[White "Pechenkin,V"]
[Black "Shabalov,A"]
[Result "1/2-1/2"]
[WhiteElo "2297"]
[BlackElo "2577"]

1.c4 g6 2.Nc3 Bg7 3.g3 e5 4.Bg2 Ne7 5.d3 O-O 6.e4 c6 7.Nge2 d6 8.O-O a6 9.Be3 b5
10.Qd2 Be6 11.cxb5 axb5 12.b4 Nd7 13.a4 bxa4 14.Rxa4 Rb8 15.Rb1 d5 16.exd5 cxd5
17.Ba7 Rb7 18.Rba1 Nb6 19.Ra6 Nec8 20.Bxb6 Nxb6 21.R1a5 Rb8 22.Nb5 Bc8 23.Ra7 Bb7
24.Nec3 e4 25.dxe4 Nc4 26.Qa2 Nxa5 27.exd5 Bxc3 28.Nxc3 Qc7 29.Ne4 Bxd5 30.Nf6+ Kh8
31.Qd2 Qe5 32.Rxa5 Qxf6 33.Rxd5 Rfd8 34.b5 Kg7 35.h4 Rxd5 36.Qxd5 Rd8 37.Qc5 Rd1+
38.Kh2 Rd2 39.Kg1 Qa1+ 40.Bf1 Rd1 41.Qc4 Rc1 42.Qd3 Qe5 43.Kg2 Rc3 44.Qd2 Rb3
45.Qc2 Rc3 46.Qd2 Qe4+ 47.Kg1 Rb3 48.Kh2 Qe5 49.Kg1 Rb2 50.Qd3 Qc5 51.Qf3 Qd4
52.Kg2 Rc2 53.Be2 Rc3 54.Qb7 Rc5 55.Qa7 Qe5 56.Bf1 Qe4+ 57.Kh2 Qd4 58.Kg1 h6
59.Qe7 Rc3 60.Kg2 Qd5+ 61.Kg1 Qd4 62.Kg2 Rb3 63.Qe2 h5 64.Qe1 Rb2 65.Kg1 Rd2
66.Kg2 Qd5+ 67.Kg1 Rd1 68.Qe2 Kh7 69.Kh2 Rb1 70.Kg1 Kg7 71.Kh2 Qd4 72.Kg1 Rb2
73.Qf3 Rb1 74.Qe2 Qd1 75.Qxd1 Rxd1 76.Kg2 Kf6 77.Be2 Rb1 78.Kf3 Ke5 79.Bc4 f6
80.Bf7 Kf5 81.Be8 Rb3+ 82.Ke2 g5 83.hxg5 Kxg5 84.Bd7 f5 85.Kf1 Rb4 86.Bc6 f4
87.gxf4+ Kxf4 88.Kg2 Rb3 89.Be8 h4 90.Bd7 Rc3  1/2-1/2